000 00618nam a2200229Ia 4500
003 OSt
005 20220923212254.0
006 a|||||r|||| 00| 0
007 ta
008 220922b |||||||| |||| 00| 0 hin d
024 _a151,905
037 _cTextual
040 _aARTS
_cARTS
_bhin
041 _2hin
_ahin
082 _a/\2y7M63x, 152J2
100 _aविवेकानन्द
245 0 _aमेरी समर-नीति
246 _aMerī samara-nīti
260 _c1952
942 _h/\2y7M63x, 152J2
_cTEXL
_2CC
999 _c307578
_d307578